| LEADER 00000nam 2200000uu 4500 |
| 001 211814 |
| 003 ULIBM |
| 008 020711s2560 th a 000 0 tha d |
| 041 ^atha^beng
|
| 060 4 WA530 ค185 2560
|
| 245 Conference report trans pacific partnership : impact on Thailands economy, society, and health system : 8th - 10th August 2016, Holiday Inn Bangkok Silom/^cเนื้อหาและเรียบเรียงโดย ชุติมา อรรคลีพันธุ์
|
| 260 นนทบุรี :^bแผนงานการพัฒนาศักยภาพด้านการค้าระหว่างประเทศและสุขภาพ (ITH Programme) สำนักงานพัฒนานโยบายสุขภาพระหว่างประเทศ (IHPP),^c2560
|
| 300 92 หน้า :^bภาพประกอบ ;^c21 ซม.
|
| 500 ^a^aโครงการจัดประชุมวิชาการ การค้าระหว่างประเทศและสุขภาพ ปี 2559 ความตกลงหุ้นส่วนเศรษฐกิจภาคพื้นแปซิฟิก : ผลกระทบต่อเศรษฐกิจและสังคม, การสาธารณสุขและระบบสุขภาพของไทย
|
| 650 4 สุขภาพและอนามัย^xการประชุม
|
| 650 4 ^aสาธารณสุข
|
| 650 4 ^aสุขภาพ^zไทย
|
| 650 4 ^aHealth Services^xCongresses
|
| 700 0 ^aชุติมา อรรคลีพันธุ์
|
| 710 2 ^aสำนักงานพัฒนานโยบายสุขภาพระหว่างประเทศ (IHPP). แผนงานการพัฒนาศักยภาพด้านการค้าระหว่างประเทศและสุขภาพ (ITH Programme)
|
| 856 ^zการค้าระหว่างประเทศและสุขภาพ.pdf (สารบัญหนังสือ)^uhttp://110.164.94.213/ULIB62015//_fulltext/5/211814/20171109143823_3411.pdf |
| 999 ^aใช้งานได้ทุกระบบ
|